Más Amalias de las que se puede tolerar /

Bibliographic Details
Main Author: Korn, Francis
Format: Book
Language:Spanish
Published: Buenos Aires, Argentina : Grupo Editor Latinoamericano, [1989]
Edition:1a ed.
Series:Colección Escritura de hoy.

MARC

Tag First Indicator Second Indicator Subfields
LEADER 00000cam a22000005a 4500
001 in00003473421
005 20151206104850.0
008 900105s1989 ag 00010 spa d
020 |a 9506940541 
035 |a (OCoLC)ocm20851530 
040 |a GZM  |c GZM  |d TNY  |d UtOrBLW 
090 |a PQ7798.21.O76  |b M2 1989 
100 1 |a Korn, Francis. 
245 1 0 |a Más Amalias de las que se puede tolerar /  |c Francis Korn. 
250 |a 1a ed. 
264 1 |a Buenos Aires, Argentina :  |b Grupo Editor Latinoamericano,  |c [1989] 
264 4 |c ©1989 
300 |a 96 pages ;  |c 22 cm. 
336 |a text  |b txt  |2 rdacontent 
337 |a unmediated  |b n  |2 rdamedia 
338 |a volume  |b nc  |2 rdacarrier 
490 1 |a Colección Escritura de hoy 
500 |a Short stories. 
830 0 |a Colección Escritura de hoy. 
999 |a MARS 
999 f f |s 4164bdd1-5881-371f-87ea-bee7cfa97093  |i 6a94aa0a-1fc0-3d79-94c1-2e5bef45be56  |t 0 
952 f f |p ric  |a Texas A&M University  |b Rellis Campus  |c Joint Library Facility  |d Remote Storage  |t 0  |e PQ7798.21.O76 M2 1989  |h Library of Congress classification  |i unmediated -- volume  |m 32060004439226 
998 f f |a PQ7798.21.O76 M2 1989  |t 0  |l Remote Storage